|
|
|
|
| LEADER |
00000nam0a2200000 4500 |
| 001 |
60849 |
| 005 |
20231101211916.0 |
| 035 |
|
|
|a (RuTPU)RU\TPU\book\64338
|
| 090 |
|
|
|a 60849
|
| 100 |
|
|
|a 20040220d1986 m y0rusy50 ca
|
| 101 |
0 |
|
|a rus
|
| 102 |
|
|
|a UA
|
| 105 |
|
|
|a a j 001zy
|
| 200 |
1 |
|
|a Автоматизация производственных процессов и установок
|e учебное пособие
|f Н. Г. Попович, А. В. Ковальчук, Е. П. Красовский
|
| 210 |
|
|
|a Киев
|c Вища школа
|d 1986
|
| 215 |
|
|
|a 310 с.
|c ил.
|
| 320 |
|
|
|a Библиогр.: с. 306-307.
|
| 320 |
|
|
|a Предметный указатель: с. 308-309.
|
| 606 |
1 |
|
|a Автоматизированные системы управления технологическими процессами (АСУ ТП)
|2 stltpush
|3 (RuTPU)RU\TPU\subj\742
|9 29554
|
| 610 |
1 |
|
|a промышленное производство
|
| 610 |
1 |
|
|a производственные процессы
|
| 610 |
1 |
|
|a автоматизация
|
| 610 |
1 |
|
|a технологические процессы
|
| 610 |
1 |
|
|a цифровые системы
|
| 610 |
1 |
|
|a системы управления
|
| 610 |
1 |
|
|a промышленные роботы
|
| 610 |
1 |
|
|a надежность
|
| 610 |
1 |
|
|a построение
|
| 610 |
1 |
|
|a учебные пособия
|
| 675 |
|
|
|a 658.512.4.011.56(075.8)
|v 3
|
| 700 |
|
1 |
|a Попович
|b Н. Г.
|g Николай Гаврилович
|
| 701 |
|
1 |
|a Ковальчук
|b А. В.
|g Александр Васильевич
|
| 701 |
|
1 |
|a Красовский
|b Е. П.
|g Евгений Петрович
|
| 801 |
|
1 |
|a RU
|b 63413507
|c 20040220
|g PSBO
|
| 801 |
|
2 |
|a RU
|b 63413507
|c 20160408
|g PSBO
|
| 942 |
|
|
|c BK
|